Made in the A.M - One direction - Statistics

General Stats
  • This quiz has been taken 35 times
  • The average score is 15 of 17
Answer Stats
Answer % Correct
Drag me down
93%
Hey Angel
93%
I want to write you a song
93%
Olivia
93%
Perfect
93%
Walking in the wind
93%
Wolves
93%
A.M
87%
End of the day
87%
History
87%
If I could fly
87%
Infinity
87%
Love You, Goodbye
87%
Temporary fix
87%
Long way down
80%
Never enough
80%
What a feeling
73%
No matching quizzes found
Score Distribution
Percent of People with Each Score
Percentile by Number Answered
Your Score History
You have not taken this quiz